[Event "Ljubljana-chT 70th 1st League"]
[Site "Ljubljana"]
[Date "2017.01.19"]
[Round "2.3"]
[White "Ivesic, Perica"]
[Black "Troha, Bogomir"]
[Result "0-1"]
[WhiteElo "1565"]
[BlackElo "1736"]
[PlyCount "56"]
[EventDate "2017.01.12"]
[EventType "team-swiss"]
[EventRounds "9"]
[EventCountry "SLO"]
[SourceTitle "EXT 2022"]
[Source "ChessBase"]
[SourceDate "2021.10.06"]
[SourceVersion "1"]
[SourceVersionDate "2021.10.06"]
[SourceQuality "1"]
[WhiteTeam "Zelenci LPP"]
[BlackTeam "Trzin Buscotrade II"]
[WhiteTeamCountry "SLO"]
[BlackTeamCountry "SLO"]

1. e4 c5 2. Bc4 e6 3. Nf3 a6 4. Nc3 b5 5. Be2 Bb7 6. d3 d5 7. e5 Nd7 8. Bf4 Ne7 9. 0-0 Ng6 10. Bg3 h5 11. h3 Be7 12. d4 c4 13. a3 h4 14. Bh2 Qc7 15. Nd2 Qb6 16. Nf3 Bc6 17. Na2 a5 18. c3 Qa7 19. Kh1 a4 20. Ng1 0-0-0 21. f4 f5 22. exf6 Nxf6 23. f5 exf5 24. Rxf5 Bd7 25. Rf1 Rdf8 26. Nb4 Bxb4 27. axb4 Ne4 28. Rxf8+ Rxf8 0-1

[Event "SLO-chT Central Superliga 16th"]
[Site "Slovenia"]
[Date "2015.10.08"]
[Round "3.3"]
[White "More, Erlend"]
[Black "Troha, Bogomir"]
[Result "0-1"]
[WhiteElo "1664"]
[BlackElo "1818"]
[PlyCount "117"]
[EventDate "2015.09.10"]
[EventType "team-tourn"]
[EventRounds "9"]
[EventCountry "SLO"]
[SourceTitle "EXT 2022"]
[Source "ChessBase"]
[SourceDate "2021.10.06"]
[SourceVersion "1"]
[SourceVersionDate "2021.10.06"]
[SourceQuality "1"]
[WhiteTeam "Komenda Pogi"]
[BlackTeam "Trzin Buscotrade"]
[WhiteTeamCountry "SLO"]
[BlackTeamCountry "SLO"]

1. d4 c5 2. d5 Nf6 3. Nc3 g6 4. Nf3 Bg7 5. e4 d6 6. Be2 a6 7. a4 0-0 8. 0-0 e5 9. Bg5 h6 10. Bd2 Nh7 11. Bd3 f5 12. h3 b6 13. Re1 Ra7 14. Qc1 f4 15. Rb1 a5 16. Nb5 Raf7 17. c3 Ng5 18. Be2 Nxf3+ 19. Bxf3 h5 20. Kh2 Bf6 21. Rf1 Rh7 22. Qd1 Bg4 23. Bxg4 hxg4 24. Qxg4 Kg7 25. Qe6 Be7 26. Qg4 Rh4 27. Qe2 f3 28. Qe3 fxg2 29. Rg1 Rfh8 30. Rxg2 Rxh3+ 31. Qxh3 Rxh3+ 32. Kxh3 Qh8+ 33. Kg3 Bh4+ 34. Kf3 Nd7 35. Ke3 c4 36. Rbg1 Nf8 37. Nxd6 Qh5 38. Nf5+ Kf7 39. Nxh4 Qxh4 40. Rg4 Qh3+ 41. R4g3 Qh5 42. Rg5 Qh2 43. R5g2 Qh4 44. Rg4 Qh5 45. Rg5 Qh2 46. R5g2 Qf4+ 47. Ke2 Qxe4+ 48. Kd1 Qxd5 49. Rg3 Qd7 50. Rf3+ Kg7 51. Rh1 Ne6 52. Ke2 Qd5 53. Rfh3 Qe4+ 54. Kd1 Qb1+ 55. Bc1 Qe4 56. Bd2 Nf4 57. Bxf4 exf4 58. Kd2 Qd5+ 59. Kc1 0-1

[Event "Ljubljana-chT 68th Superliga"]
[Site "Ljubljana"]
[Date "2015.03.05"]
[Round "7.3"]
[White "Marinsek, Tomaz"]
[Black "Troha, Bogomir"]
[Result "1-0"]
[WhiteElo "2147"]
[BlackElo "1805"]
[PlyCount "123"]
[EventDate "2015.01.08"]
[EventType "team-tourn"]
[EventRounds "9"]
[EventCountry "SLO"]
[SourceTitle "EXT 2022"]
[Source "ChessBase"]
[SourceDate "2021.10.06"]
[SourceVersion "1"]
[SourceVersionDate "2021.10.06"]
[SourceQuality "1"]
[WhiteTeam "Klinicni Center"]
[BlackTeam "Trzin Buscotrade"]
[WhiteTeamCountry "SLO"]
[BlackTeamCountry "SLO"]

1. e4 c5 2. Nf3 d6 3. d4 cxd4 4. Nxd4 Nf6 5. Nc3 Nc6 6. Be2 Bd7 7. Be3 g6 8. 0-0 Bg7 9. Nb3 0-0 10. f4 a6 11. a4 a5 12. Kh1 Kh8 13. Bf3 Qc8 14. Nd5 Nxd5 15. exd5 Nb4 16. c3 Na6 17. Bd4 Qc7 18. Re1 Rfe8 19. Qd2 b6 20. Be2 Nc5 21. Bxg7+ Kxg7 22. Nd4 Kg8 23. f5 Qc8 24. Bb5 Bxb5 25. axb5 a4 26. Qh6 Nd3 27. fxg6 hxg6 28. Ne6 Nf2+ 29. Kg1 fxe6 30. Qxg6+ Kh8 31. Qh6+ Kg8 32. Qg5+ Kh7 33. Rxe6 Qxe6 34. dxe6 Nh3+ 35. gxh3 Rg8 36. Qg3 Rxg3+ 37. hxg3 Kg6 38. Kf2 Kf6 39. Re1 a3 40. bxa3 Rxa3 41. Re3 d5 42. Ke2 Rb3 43. Kd3 Rxb5 44. Kd4 Ra5 45. h4 Kf5 46. Re5+ Kf6 47. Rxd5 Ra4+ 48. c4 Kxe6 49. Rb5 Ra6 50. g4 Kf6 51. Kd5 e6+ 52. Kd6 Ra4 53. h5 Rxc4 54. g5+ Kf7 55. Rxb6 Rd4+ 56. Ke5 Rd5+ 57. Kf4 Rd4+ 58. Kf3 Rd5 59. Rb7+ Kf8 60. Kf4 Rf5+ 61. Kg4 Rf1 62. h6 1-0

[Event "Ljubljana-chT 64th 2nd League"]
[Site "Ljubljana"]
[Date "2011.01.20"]
[Round "2.1"]
[White "Mlacnik, Janez"]
[Black "Troha, Bogomir"]
[Result "0-1"]
[WhiteElo "1851"]
[BlackElo "1925"]
[PlyCount "87"]
[EventDate "2011.01.13"]
[EventType "team-tourn"]
[EventRounds "9"]
[EventCountry "SLO"]
[SourceTitle "EXT 2022"]
[Source "ChessBase"]
[SourceDate "2021.10.06"]
[SourceVersion "1"]
[SourceVersionDate "2021.10.06"]
[SourceQuality "1"]

1. e4 c5 2. d4 cxd4 3. c3 dxc3 4. Nxc3 Nc6 5. Nf3 g6 6. Bc4 d6 7. 0-0 Bg7 8. Qe2 e6 9. Rd1 Nge7 10. Bf4 e5 11. Bg5 0-0 12. Nb5 Bg4 13. Rxd6 Qb8 14. Rad1 a6 15. Na3 Qc7 16. R6d2 Nd4 17. Qe3 Bxf3 18. gxf3 Nec6 19. b3 Qc8 20. Kg2 Kh8 21. Bh6 f5 22. Bxg7+ Kxg7 23. Nc2 f4 24. Qc3 Kh6 25. Nxd4 Nxd4 26. Qa5 b5 27. Bd5 Ra7 28. Qb6 Qc7 29. Qxc7 Rxc7 30. a4 bxa4 31. bxa4 Rb8 32. Rxd4 exd4 33. Rxd4 Rb2 34. e5 Rcc2 35. e6 Rxf2+ 36. Kg1 Rg2+ 37. Kf1 Rxh2 38. Kg1 Rhc2 39. Rd1 Rc7 40. Re1 Re7 41. Bc6 Rd2 42. Re4 Kg5 43. Bd7 Kf5 44. Rb4 0-1